The diversity of life / (رقم التسجيلة. 21456)

تفاصيل مارك
000 -الفاتح
حقل البيانات ثابتة الطول 01138cam a22003257a 4500
001 - رقم الضبط
رقم الضبط 16764554
003 - محدد رقم الضبط
رقم الضبط OSt
005 - وقت وتاريخ اخر تعامل مع التسجيلة
رقم الضبط 20150408114013.0
008 - عناصر البيانات ثابتة الطول - معلومات عامة
حقل البيانات ثابتة الطول 110505r20101992mauabf b 000 0 eng d
010 ## - رقم ضبط مكتبة الكونجرس
رقم ضبط مكتبة الكونجرس 2011420458
020 ## - الرقم الدولى المعيارى للكتب
الرقم الدولى المعيارى للكتاب 9780674058170 (pbk.)
020 ## - الرقم الدولى المعيارى للكتب
الرقم الدولى المعيارى للكتاب 0674058178 (pbk.)
035 ## - رقم ضبط النظام
رقم ضبط النظام (OCoLC)ocn691398594
040 ## - مصدر الفهرسة
وكالة الفهرسة الأصلية ERL
وكالة النسخ ERL
وكالة التعديل YDXCP
-- MRB
-- CDX
-- DLC
042 ## - رمز التحقق
رمز التحقق lccopycat
050 00 - رقم طلب مكتبة الكونجرس
رقم التصنيف QH313
رقم المادة .W55 2010
082 00 - رقم تصنيف ديوى العشرى
رقم التصنيف 333.9516
رقم الطبعة 23
100 1# - المدخل الرئيسى - إسم شخصى
الإسم الشخصى Wilson, Edward O.
9 (RLIN) 10702
245 14 - بيان العنوان
العنوان The diversity of life /
بيان المسئوليه,etc Edward O. Wilson.
250 ## - بيان الطبعة
بيان الطبعة 1st Harvard University Press pbk. ed.
260 ## - PUBLICATION, DISTRIBUTION, ETC. (IMPRINT)
مكان الناشر او الموزع Cambridge, Mass. :
اسم الناشر او الموزع Belknap Press of Harvard University Press,
تاريخ النشر أو التوزيع 2010, c1992.
300 ## - الوصف المادى
التعداد xii, 424 p., [16] p. of plates :
تفاصيل ماديه اخرى للوعاء ill., maps ;
أبعاد الوعاء 24 cm.
490 1# - بيان السلسلة
عنوان السلسلة Questions of science
500 ## - تبصرة عامة
تبصرة عامة With a new preface, dated 20 May 2010.
650 #0 - المدخل الاضافى بالموضوع-مصطلح موضوعى
مصطلح موضوعي أو اسم جغرافي كعنصر مدخل Biodiversity.
9 (RLIN) 10552
650 #0 - المدخل الاضافى بالموضوع-مصطلح موضوعى
مصطلح موضوعي أو اسم جغرافي كعنصر مدخل Biodiversity conservation.
9 (RLIN) 10703
830 #0 - المدخل الاضافى بالسلسلة -عنوان موحد
عنوان موحد Questions of science.
9 (RLIN) 10704
942 ## - عناصر المدخل الإضافي( كوها)
مصدر التصنيف او مخطط الترفيف Dewey Decimal Classification
Koha [default] item type كتاب
المقتنيات
حالة الفقد نموذج السعر الفعال حالة تلف ليس للاعارة رقم الطلب تاريخ الاكتساب الموقع الحالي الباركود الفرع الرئيسي Date last seen نوع المادة فى نظام كوها مصدر التصنيف او خطة الترفيف Total Checkouts
  2013-03-10     333.9516 W E D 2012-04-12 مكتبة مجمع الطالبات بالمجمعة (EMF) 00076377 مكتبة مجمع الطالبات بالمجمعة (EMF) 2013-03-10 كتاب Dewey Decimal Classification  
  2013-03-10     333.9516 W E D 2012-04-12 مكتبة مجمع الطالبات بالمجمعة (EMF) 00076376 مكتبة مجمع الطالبات بالمجمعة (EMF) 2013-03-10 كتاب Dewey Decimal Classification